Journal of laboratory physicians

Detalles Bibliográficos
Autor Corporativo: Indian Association of Laboratory Physicians
Formato: Electrónico Revista
Lenguaje:inglés
Publicado: Mumbai : Medknow Publications
Materias:
Acceso en línea:Full text available from Research Library: 01/01/2009 to present

MARC

LEADER 00000nas a2200000 a 4500
001 ssj0000394048
003 WaSeSS
005 20200512172242.0
006 m d
007 cr n
008 110114c20099999ii fr p s 0 0eng
010 |a  2011243497 
016 7 |a 101551511  |2 DNLM 
022 |a 0974-7826  |l 0974-2727  |y 0974-2727 
035 |a (WaSeSS)ssj0000394048 
040 |a NLM  |b eng  |c NLM  |d NLM  |d CUS  |d OCLCF  |d OCLCO  |d OCLCQ  |d OCLCO  |d RDF  |d OCLCO  |d OCLCQ  |d OCLCO  |d WaSeSS 
042 |a pcc 
050 1 4 |a RB37.A1  |b J68 
060 0 0 |a W1  |b JO734D 
210 1 0 |a J Lab Physicians  |2 dnlm 
245 0 0 |a Journal of laboratory physicians  |h [electronic resource]. 
260 |a Mumbai :  |b Medknow Publications 
310 |a Semiannual 
362 1 |a Began with vol. 1, issue1 (Jan./June 2009). 
506 |a License restrictions may limit access. 
588 |a Description based on: Vol. 2, issue 1 (Jan./June 2011); title from cover. 
588 |a Latest issue consulted: Vol. 3, issue 1 (Jan./June 2011). 
650 0 |a Diagnosis, Laboratory  |v Periodicals. 
650 0 |a Physicians  |v Periodicals. 
650 1 2 |a Clinical Laboratory Techniques. 
650 7 |a Diagnosis, Laboratory.  |2 fast  |0 (OCoLC)fst00892307 
650 7 |a Physicians.  |2 fast  |0 (OCoLC)fst01062841 
655 0 |a Electronic journals. 
710 2 |a Indian Association of Laboratory Physicians. 
776 0 8 |i Print version:  |t Journal of laboratory physicians  |x 0974-7826  |w (OCoLC)708333448 
850 |a DNLM 
856 4 0 |z Full text available from Research Library: 01/01/2009 to present  |u https://search.proquest.com/publication/226478